MARC details
| 000 -LEADER |
| fixed length control field |
01372cam a2200349 a 4500 |
| 001 - CONTROL NUMBER |
| control field |
1053294 |
| 003 - CONTROL NUMBER IDENTIFIER |
| control field |
ARRUPE |
| 005 - DATE AND TIME OF LATEST TRANSACTION |
| control field |
20131126120356.0 |
| 008 - FIXED-LENGTH DATA ELEMENTS--GENERAL INFORMATION |
| fixed length control field |
900103s1990 enk b 001 0 eng |
| 010 ## - LIBRARY OF CONGRESS CONTROL NUMBER |
| LC control number |
90030115 |
| 020 ## - INTERNATIONAL STANDARD BOOK NUMBER |
| International Standard Book Number |
0852555253 (J. Currey) |
| 020 ## - INTERNATIONAL STANDARD BOOK NUMBER |
| International Standard Book Number |
0435080458 (Heinemann) |
| 040 ## - CATALOGING SOURCE |
| Original cataloging agency |
DLC |
| Transcribing agency |
DLC |
| Modifying agency |
DLC |
| 043 ## - GEOGRAPHIC AREA CODE |
| Geographic area code |
f------ |
| 050 00 - LIBRARY OF CONGRESS CALL NUMBER |
| Classification number |
PL8010.4 |
| Item number |
.N48 1990 |
| 082 00 - DEWEY DECIMAL CLASSIFICATION NUMBER |
| Classification number |
809.1/0096 |
| Edition number |
20 |
| 300 ## - PHYSICAL DESCRIPTION |
| Dimensions |
22 cm. |
| 100 1# - MAIN ENTRY--PERSONAL NAME |
| Personal name |
Ngara, Emmanuel. |
| 9 (RLIN) |
3830 |
| 245 10 - TITLE STATEMENT |
| Title |
Ideology & form in African poetry : |
| Remainder of title |
implications for communication / |
| Statement of responsibility, etc |
Emmanuel Ngara. |
| 260 ## - PUBLICATION, DISTRIBUTION, ETC. (IMPRINT) |
| Place of publication, distribution, etc |
London : |
| Name of publisher, distributor, etc |
J. Currey ; |
| Place of publication, distribution, etc |
Harare : |
| Name of publisher, distributor, etc |
Baobab Books ; |
| Place of publication, distribution, etc |
Nairobi : |
| Name of publisher, distributor, etc |
Heinemann Kenya ; |
| Place of publication, distribution, etc |
Portsmouth, N.H. : |
| Name of publisher, distributor, etc |
Heinemann, |
| Date of publication, distribution, etc |
1990. |
| 300 ## - PHYSICAL DESCRIPTION |
| Extent |
xiii, 208 p. ; |
| 440 #0 - SERIES STATEMENT/ADDED ENTRY--TITLE |
| Title |
Studies in African literature |
| 9 (RLIN) |
3831 |
| 504 ## - BIBLIOGRAPHY, ETC. NOTE |
| Bibliography, etc |
Includes bibliographical references and index. |
| 650 #0 - SUBJECT ADDED ENTRY--TOPICAL TERM |
| Topical term or geographic name as entry element |
African poetry |
| General subdivision |
History and criticism. |
| 9 (RLIN) |
3832 |
| 650 #0 - SUBJECT ADDED ENTRY--TOPICAL TERM |
| Topical term or geographic name as entry element |
Ideology in literature. |
| 9 (RLIN) |
3833 |
| 650 #0 - SUBJECT ADDED ENTRY--TOPICAL TERM |
| Topical term or geographic name as entry element |
Social problems in literature. |
| 9 (RLIN) |
3834 |
| 650 #0 - SUBJECT ADDED ENTRY--TOPICAL TERM |
| Topical term or geographic name as entry element |
Philosophy, Marxist in literature. |
| 9 (RLIN) |
3835 |
| 650 #0 - SUBJECT ADDED ENTRY--TOPICAL TERM |
| Topical term or geographic name as entry element |
African poetry |
| General subdivision |
Study and teaching. |
| 9 (RLIN) |
3836 |
| 740 0# - ADDED ENTRY--UNCONTROLLED RELATED/ANALYTICAL TITLE |
| Uncontrolled related/analytical title |
Ideology and form in African poetry. |
| 906 ## - LOCAL DATA ELEMENT F, LDF (RLIN) |
| a |
7 |
| b |
cbc |
| c |
orignew |
| d |
1 |
| e |
ocip |
| f |
19 |
| g |
y-gencatlg |
| 942 ## - ADDED ENTRY ELEMENTS (KOHA) |
| Source of classification or shelving scheme |
Library of Congress Classification |
| Koha item type |
Monograph ( Printed materials) |